Business research methods / (Record no. 203776)
[ view plain ]
| 000 -LEADER | |
|---|---|
| fixed length control field | 00717nam a2200229Ia 4500 |
| 005 - DATE AND TIME OF LATEST TRANSACTION | |
| control field | 20220127144336.0 |
| 008 - FIXED-LENGTH DATA ELEMENTS--GENERAL INFORMATION | |
| fixed length control field | 210716s2003 xx 000 0 und d |
| 020 ## - INTERNATIONAL STANDARD BOOK NUMBER | |
| International Standard Book Number | 9788131500293 |
| 040 ## - CATALOGING SOURCE | |
| Transcribing agency | AIMIT LIBRARY |
| 041 ## - LANGUAGE CODE | |
| Language code of text/sound track or separate title | eng |
| 082 ## - DEWEY DECIMAL CLASSIFICATION NUMBER | |
| Classification number | 001.42 |
| Edition number | 7 |
| Item number | ZIKW |
| 100 ## - MAIN ENTRY--PERSONAL NAME | |
| Personal name | Zikmund, William G. |
| 9 (RLIN) | 14884 |
| 245 ## - TITLE STATEMENT | |
| Title | Business research methods / |
| Statement of responsibility, etc. | By William G. Zikmund |
| 250 ## - EDITION STATEMENT | |
| Edition statement | 7th ed. |
| 260 ## - PUBLICATION, DISTRIBUTION, ETC. | |
| Place of publication, distribution, etc. | New Delhi ; |
| Name of publisher, distributor, etc. | Cengage Learning India Pvt Ltd , |
| Date of publication, distribution, etc. | 2008. |
| 300 ## - PHYSICAL DESCRIPTION | |
| Extent | xix, 748p ; |
| Dimensions | 24 cm. |
| 650 ## - SUBJECT ADDED ENTRY--TOPICAL TERM | |
| Topical term or geographic name entry element | Business Research |
| 9 (RLIN) | 14885 |
| 650 ## - SUBJECT ADDED ENTRY--TOPICAL TERM | |
| Topical term or geographic name entry element | Measurement Concepts |
| 9 (RLIN) | 14886 |
| 650 ## - SUBJECT ADDED ENTRY--TOPICAL TERM | |
| Topical term or geographic name entry element | Sampling and Fieldwork |
| 9 (RLIN) | 14887 |
| 650 ## - SUBJECT ADDED ENTRY--TOPICAL TERM | |
| Topical term or geographic name entry element | Data Analysis and Presentation |
| 9 (RLIN) | 14888 |
| 942 ## - ADDED ENTRY ELEMENTS (KOHA) | |
| Source of classification or shelving scheme | Dewey Decimal Classification |
| Koha item type | Book |
| Edition | 7th |
| Call number prefix | 001.42 ZIKW |
| Withdrawn status | Lost status | Source of classification or shelving scheme | Damaged status | Not for loan | Collection code | Home library | Current library | Date acquired | Cost, normal purchase price | Inventory number | Total Checkouts | Full call number | Barcode | Date last seen | Cost, replacement price | Price effective from | Koha item type | Date last checked out |
|---|---|---|---|---|---|---|---|---|---|---|---|---|---|---|---|---|---|---|
| Dewey Decimal Classification | MBA | St Aloysius Institute of Management & Information Technology | St Aloysius Institute of Management & Information Technology | 09/16/2009 | 450.00 | Bill no:9847; Bill dt:2009-09-15 | 001.42 ZIKW | MBA06342 | 05/23/2026 | 337.50 | 07/16/2021 | Book | ||||||
| Dewey Decimal Classification | Reference Book | MBA | St Aloysius Institute of Management & Information Technology | St Aloysius Institute of Management & Information Technology | 09/16/2009 | 450.00 | Bill no:9847; Bill dt:2009-09-15 | 001.42 ZIKW | MBA06357 | 07/21/2025 | 337.50 | 07/16/2021 | Book | |||||
| Dewey Decimal Classification | MBA | St Aloysius Institute of Management & Information Technology | St Aloysius Institute of Management & Information Technology | 02/20/2010 | 460.00 | Bill no:ABK 669; Bill dt:2010-02 | 001.42 ZIKW | MBA07532 | 05/23/2026 | 345.00 | 07/16/2021 | Book | ||||||
| Dewey Decimal Classification | MBA | St Aloysius Institute of Management & Information Technology | St Aloysius Institute of Management & Information Technology | 02/20/2010 | 460.00 | Bill no:ABK 669; Bill dt:2010-02 | 001.42 ZIKW | MBA07533 | 05/23/2026 | 345.00 | 07/16/2021 | Book | ||||||
| Dewey Decimal Classification | MBA | St Aloysius Institute of Management & Information Technology | St Aloysius Institute of Management & Information Technology | 02/20/2010 | 460.00 | Bill no:ABK 669; Bill dt:2010-02 | 1 | 001.42 ZIKW | MBA07534 | 05/23/2026 | 345.00 | 07/16/2021 | Book | 05/20/2024 | ||||
| Dewey Decimal Classification | MBA | St Aloysius Institute of Management & Information Technology | St Aloysius Institute of Management & Information Technology | 02/20/2010 | 460.00 | Bill no:ABK 669; Bill dt:2010-02 | 001.42 ZIKW | MBA07535 | 05/23/2026 | 345.00 | 07/16/2021 | Book | ||||||
| Dewey Decimal Classification | MBA | St Aloysius Institute of Management & Information Technology | St Aloysius Institute of Management & Information Technology | 02/20/2010 | 460.00 | Bill no:ABK 669; Bill dt:2010-02 | 001.42 ZIKW | MBA07536 | 05/23/2026 | 345.00 | 07/16/2021 | Book | ||||||
| Dewey Decimal Classification | MBA | St Aloysius Institute of Management & Information Technology | St Aloysius Institute of Management & Information Technology | 02/20/2010 | 460.00 | Bill no:ABK 669; Bill dt:2010-02 | 001.42 ZIKW | MBA07537 | 05/23/2026 | 345.00 | 07/16/2021 | Book | ||||||
| Dewey Decimal Classification | MBA | St Aloysius Institute of Management & Information Technology | St Aloysius Institute of Management & Information Technology | 07/09/2010 | Bill no:; Bill dt:1900-01-00 | 001.42 ZIKW | MBA07937 | 05/23/2026 | 07/16/2021 | Book |